000
00317nam a22001337a 4500
008
170622b xxu||||| |||| 00| 0 eng d
020
_a
9780495115366
041
_a
eng
080
_a
32
100
_a
21
101
_a
SHP
245
_a
THE PROMISE AND PERFORMANCE OF AMERICAN DEMOCRACY
_c
BOND, J.R
942
_2
udc
_c
BK
999
_c
18800
_d
18800